Music Quiz

Random Music or Album Quiz

Iron Maiden Albums Quiz Stats

 Plays Quiz Updated Sep 14, 2021

Support Sporcle.
Go Orange.
Score 0/17 Timer 04:00
7 Plays Today
Year Title % Correct
1980Iron Maiden
92.6%
1982The Number of the Beast
90.7%
1984Powerslave
84.7%
1981Killers
84.7%
1988Seventh Son of a Seventh Son
77.8%
1983Piece of Mind
74.3%
1992Fear of the Dark
74.3%
2015The Book of Souls
72.5%
1986Somewhere in Time
72%
Year Title % Correct
2000Brave New World
67.1%
2003Dance of Death
63.2%
2021Senjutsu
62.5%
2006A Matter of Life and Death
57.5%
1998Virtual XI
55.2%
1995The X Factor
55.1%
1990No Prayer for the Dying
52.3%
2010The Final Frontier
45.1%

From the Vault

Portrait of an Artist: Queen

by bhenderson79

Music 11m
We don't think that Americans would have revolted against this Queen in 1776.
Remove Ads.
Support Sporcle.
Get the best of Sporcle when you Go Orange. This ad-free experience offers more features, more stats, and more fun while also helping to support Sporcle. Thank you for becoming a member.

Show Comments

Extras

Top Quizzes Today


Score Distribution

Your Account Isn't Verified!

In order to create a playlist on Sporcle, you need to verify the email address you used during registration. Go to your Sporcle Settings to finish the process.

Report this User

Report this user for behavior that violates our Community Guidelines.

Details: